La inteligencia escolar, aplicaciones al aula: una nueva teoría para una nueva sociedad

Guardat en:
Dades bibliogràfiques
Autor principal: Díez López, Eloísa (Autor)
Format: Llibre
Idioma:espanyol
Publicat: Santiago Arrayán 2006
Edició:1a. ed
Col·lecció:Colección Perfeccionamiento Docente. Teoría para la Práctica
Matèries:
Etiquetes: Afegir etiqueta
Sense etiquetes, Sigues el primer a etiquetar aquest registre!

MARC

LEADER 00000nam a2200000 a 4500
001 UCI0698
003 CL-VaPUC
008 070525e20060000CL |||||||||||||||||spa|d
020 |a 9562404978 
082 0 4 |a 370.152  |b DIE  |2 21 
100 |a Díez López, Eloísa  |e author  |9 415327 
245 1 3 |a La inteligencia escolar, aplicaciones al aula: una nueva teoría para una nueva sociedad 
250 |a 1a. ed 
300 |a 267 p 
942 |c BK 
945 |d 20070525 00:00:00  |a cmena 
260 |a Santiago  |b Arrayán  |c 2006 
650 0 |a Inteligencia  |9 267038 
650 0 |a Psicología del aprendizaje  |9 306854 
650 0 |a Cognición   |9 270347 
650 0 |a Psicología educacional   |9 307830 
650 0 |a Planificación del currículo  |9 269599 
583 |a last modification  |c 20140404 06:25:53  |k Rodrigo Vera 
490 0 |a Colección Perfeccionamiento Docente. Teoría para la Práctica 
999 |c 325758  |d 325756 
952 |0 0  |1 0  |4 0  |6 370_152000000000000_DIE_2006  |7 0  |8 A  |9 407055  |a BIBEDU  |b BIBEDU  |d 2019-11-22  |i 4342887  |o 370.152 DIE 2006  |p 4342887  |r 2019-11-22  |w 2019-11-22  |y BK  |k EFI 
952 |0 0  |1 0  |4 0  |6 370_152000000000000_DIE_2006  |7 0  |8 A  |9 407056  |a BIBEDU  |b BIBEDU  |d 2019-11-22  |i 4342895  |o 370.152 DIE 2006  |p 4342895  |r 2019-11-22  |w 2019-11-22  |y BK  |k EFI 
952 |0 0  |1 0  |4 0  |6 370_152000000000000_DIE_2006  |7 0  |8 A  |9 407057  |a BIBEDU  |b BIBEDU  |d 2019-11-22  |i 4342844  |o 370.152 DIE 2006  |p 4342844  |r 2019-11-22  |w 2019-11-22  |y BK  |k LIT 
952 |0 0  |1 0  |4 0  |6 370_152000000000000_DIE_2006  |7 0  |8 A  |9 407058  |a BIBEDU  |b BIBEDU  |d 2019-11-22  |i 4342852  |o 370.152 DIE 2006  |p 4342852  |r 2019-11-22  |w 2019-11-22  |y BK  |k LIT 
952 |0 0  |1 0  |4 0  |6 370_152000000000000_DIE_2006  |7 0  |8 A  |9 407059  |a BIBEDU  |b BIBEDU  |d 2019-11-22  |i 4337786  |o 370.152 DIE 2006  |p 4337786  |r 2019-11-22  |w 2019-11-22  |y BK  |k EDI 
952 |0 0  |1 0  |4 0  |6 370_152000000000000_DIE_2006  |7 0  |8 A  |9 407060  |a BIBEDU  |b BIBEDU  |d 2019-11-22  |i 4337794  |o 370.152 DIE 2006  |p 4337794  |r 2019-11-22  |w 2019-11-22  |y BK  |k EDI